LEADER 01561nam 2200445z- 450 001 9910438216203321 005 20091017092853.0 010 $a0-7680-1801-3 035 $a(CKB)4920000000059313 035 $a(EXLCZ)994920000000059313 100 $a20191013c2008uuuu -u- - 101 0 $aeng 200 10$aForensic biomechanics $eusing medical records to study injury mechanisms /$fJeffrey A. Pike 210 $cSAE International 327 $aNarratives -- Imaging -- Tests -- Field reports -- Pre-existing conditions -- Case studies -- Advanced case study I : pre-existing conditions -- Advanced case study II : high-speed rear impact -- Advanced case study III : parking lot -- Examples. 606 $aCrash injuries 606 $aTraffic accidents 606 $aMedical records 606 $aHuman mechanics 606 $aWounds and Injuries$xphysiopathology 606 $aAccidents, Traffic 606 $aBiomechanics 606 $aForensic Medicine$xmethods 606 $aMedical Records 615 0$aCrash injuries. 615 0$aTraffic accidents. 615 0$aMedical records. 615 0$aHuman mechanics. 615 12$aWounds and Injuries$xphysiopathology. 615 22$aAccidents, Traffic. 615 22$aBiomechanics. 615 22$aForensic Medicine$xmethods. 615 22$aMedical Records. 676 $a617.1/028 700 $aPike$b Jeffrey A$0932338 712 02$aSociety of Automotive Engineers. 906 $aBOOK 912 $a9910438216203321 996 $aForensic biomechanics$92876309 997 $aUNINA LEADER 03195nam 2200757 450 001 9910788955103321 005 20230607232315.0 010 $a3-11-094089-2 024 7 $a10.1515/9783110940893 035 $a(CKB)3390000000062274 035 $a(EBL)3049452 035 $a(SSID)ssj0001522687 035 $a(PQKBManifestationID)12627765 035 $a(PQKBTitleCode)TC0001522687 035 $a(PQKBWorkID)11465700 035 $a(PQKB)10263183 035 $a(MiAaPQ)EBC3049452 035 $a(DE-B1597)57188 035 $a(OCoLC)1013955621 035 $a(OCoLC)900796317 035 $a(DE-B1597)9783110940893 035 $a(Au-PeEL)EBL3049452 035 $a(CaPaEBR)ebr11008803 035 $a(CaONFJC)MIL807266 035 $a(OCoLC)927460264 035 $a(EXLCZ)993390000000062274 100 $a20010718d2001 uy| 0 101 0 $aeng 135 $aur|nu---|u||u 181 $ctxt 182 $cc 183 $acr 200 10$aInverse problems of wave processes /$fA.S. Blagoveshchenskii 205 $aReprint 2014 210 1$aUtrecht, The Netherlands ;$aBoston :$cVSP,$d2001. 215 $a1 online resource (145 p.) 225 1 $aInverse and ill-posed problems series 300 $aDescription based upon print version of record. 311 $a3-11-036398-4 311 $a90-6764-344-0 320 $aIncludes bibliographical references. 327 $tFront matter --$tContents --$tIntroduction --$tChapter 1. One-dimensional inverse problems --$tChapter 2. Theory of inverse problems for wave processes in layered media --$tChapter 3. Inverse problems for vector wave processes --$tBibliography 330 $aThis monograph covers dynamical inverse problems, that is problems whose data are the values of wave fields. It deals with the problem of determination of one or more coefficients of a hyperbolic equation or a system of hyperbolic equations. The desired coefficients are functions of point. Most attention is given to the case where the required functions depend only on one coordinate. The first chapter of the book deals mainly with methods of solution of one-dimensional inverse problems. The second chapter focuses on scalar inverse problems of wave propagation in a layered medium. In the final chapter inverse problems for elasticity equations in stratified media and acoustic equations for moving media are given. 410 0$aInverse and ill-posed problems series. 606 $aWave-motion, Theory of 610 $aAcoustic Equations. 610 $aCoefficients. 610 $aDetermination. 610 $aDynamical Inverse Problems. 610 $aElasticity Equations. 610 $aFunctions of Point. 610 $aHyperbolic Equations. 610 $aOne-dimensional Inverse Problems. 610 $aScalar Inverse Problems. 610 $aWave Fields. 610 $aWave Propagation. 615 0$aWave-motion, Theory of. 676 $a530.12/4 700 $aBlagoveshchenskii$b A. S.$0725445 801 0$bMiAaPQ 801 1$bMiAaPQ 801 2$bMiAaPQ 906 $aBOOK 912 $a9910788955103321 996 $aInverse problems of wave processes$91415561 997 $aUNINA LEADER 02566nas 2200733- 450 001 9910135860503321 005 20241221110907.0 011 $a2215-2628 035 $a(OCoLC)60628092 035 $a(CKB)110979839329463 035 $a(CONSER)--2014240442 035 $a(MiFhGG)0PNG 035 $a(DE-599)ZDB2468992-0 035 $a(EXLCZ)99110979839329463 100 $a20050614a19759999 --- - 101 0 $aspa 135 $aurun||||||||| 181 $ctxt$2rdacontent 182 $cc$2rdamedia 183 $acr$2rdacarrier 200 00$aRevista de filología y lingüística de la Universidad de Costa Rica 210 1$aSan José, Costa Rica :$cEditorial Universidad de Costa Rica,$d1975- 300 $aRefereed/Peer-reviewed 311 08$a0377-628X 517 1 $aRevista de filología y lingüística 531 $aREVISTA DE FILOLOGIA Y LINGUISTICA 606 $aPhilology$vPeriodicals 606 $aPhilology$zCosta Rica$vPeriodicals 606 $aLinguistics$vPeriodicals 606 $aLinguistics$zCosta Rica$vPeriodicals 606 $aCosta Rican literature$xHistory and criticism$vPeriodicals 606 $aCosta Rican literature$2fast$3(OCoLC)fst00880727 606 $aLinguistics$2fast$3(OCoLC)fst00999202 606 $aPhilology$2fast$3(OCoLC)fst01060694 606 $aFILOLOGIA$xPUBLICACIONES PERIODICAS$2renib 606 $aLINGUISTICA$xPUBLICACIONES PERIODICAS$2renib 606 $aPhilologie$vPériodiques 606 $aPhilologie$zCosta Rica$vPériodiques 606 $aLinguistique$vPériodiques 606 $aLinguistique$zCosta Rica$vPériodiques 606 $aLittérature costaricienne$xHistoire et critique$vPériodiques 607 $aCosta Rica$2fast 608 $aCriticism, interpretation, etc.$2fast 608 $aPeriodicals.$2fast 615 0$aPhilology 615 0$aPhilology 615 0$aLinguistics 615 0$aLinguistics 615 0$aCosta Rican literature$xHistory and criticism 615 7$aCosta Rican literature. 615 7$aLinguistics. 615 7$aPhilology. 615 7$aFILOLOGIA$xPUBLICACIONES PERIODICAS. 615 7$aLINGUISTICA$xPUBLICACIONES PERIODICAS. 615 6$aPhilologie 615 6$aPhilologie 615 6$aLinguistique 615 6$aLinguistique 615 6$aLittérature costaricienne$xHistoire et critique 712 02$aUniversidad de Costa Rica, 906 $aJOURNAL 912 $a9910135860503321 996 $aRevista de filología y lingüística de la Universidad de Costa Rica$92065202 997 $aUNINA